Statistiken für Alle Länder auf Dingdongdiddldi

Klicken Sie hier um das Quiz zu spielen!

Allgemein

  • Dieses Quiz wurde 5 mal gespielt
  • Das Durchschnittsergebnis liegt bei 35 aus 74

Antwortstatistiken

HintAntwort% Korrekt
LandeiismusBolombien
100%
DemokratieCity City
100%
FaschismusFettburg
100%
DiktaturFettzen
100%
FaschismusGorbach
100%
AnarchieGregarten
100%
AutokratieGurkenwald
100%
AnarchieHanspeterland
100%
AutokratieHermanien
100%
MonarchismusO
100%
FaschismusOghurt Hanspeterland
100%
FaschismusOghurtika
100%
AutokratieUnterjosefstal
100%
AnarchieWonkla Factory
100%
Autokratie5. Reich
50%
AutokratieAmeisenbärli
50%
KommunismusBen Johnson Dynastie
50%
AnarchieBing Bong
50%
DemokratieBlödenberg
50%
KommunismusBolgarien
50%
MonarchieBonaco
50%
AnarchieDepp Daves Hintergarten
50%
MonarchismusDoofstadt
50%
DiktaturDown Syndrom Imperium
50%
DemokratieEidenberg
50%
FaschismusFettar
50%
DiktaturFettxico
50%
DemokratieGelbien
50%
AutokratieGhetto
50%
FaschismusGrepal
50%
DemokratieGreritrea
50%
AutokratieGrerusalem
50%
AutokratieGrexas
50%
LandeiismusGrexas
50%
KommunismusGrumänien
50%
KommunismusGuba
50%
DemokratieGuriname
50%
DemokratieHillville
50%
MonarchismusHintbergia
50%
LandeiismusHintbergia
50%
DemokratieKackberg
50%
LandeiismusLandli
50%
FaschismusMettxico
50%
MonarchismusMontenigro
50%
FaschismusMoorlock
50%
DemokratieMoppeln
50%
MonarchieMüllberge
50%
AnarchieNiger
50%
DiktaturNord Porer
50%
MonarchieO-Reich
50%
DiktaturRentnersland
50%
MonarchieStickman Towers
50%
DemokratieUrschenkli
50%
AutokratieVenezuela
50%
AnarchieWilder Osten
50%
MonarchismusZiegelhofer Reich
50%
MonarchieBanglabesch
0%
FaschismusBrettburg
0%
KommunismusBrettland
0%
KommunismusBungarn
0%
FaschismusEberharding
0%
AutokratieGenitalien
0%
DiktaturGongolfologo
0%
DiktaturGrebraska
0%
DemokratieKoler imp
0%
AutokratieLang
0%
KommunismusMagersüchtien
0%
MonarchieMongo
0%
FaschismusNeugreeland
0%
MonarchiePalabma
0%
KommunismusPeteville
0%
AutokratieTumorli
0%
DiktaturUrgay
0%
AnarchieVKK
0%

Verteilung der Resultate

Perzentil nach korrekt beantworteten Fragen

Anzahl Personen mit jedem Resultat

Ihre Resultats-Entwicklung

Sie haben dieses Quiz noch nicht gespielt